000 00326nam a22001337a 4500
008 170418b xxu||||| |||| 00| 0 eng d
020 _a1555810454
041 _aeng
080 _a579
100 _a11
101 _ashm
245 _adiseasein medical microbiology infectious diseases
_cGILLINGAN.P.H
942 _2udc
_cBK
999 _c11004
_d11004